000 00546nam a2200181 a 4500
001 000030776
005 20200930062513.0
008 110530s1964 dr 000 0 spa d
040 _aDO-SdBNP
_bspa
_cBNPHU
082 _axxxx
_bS197m, 1964
100 1 _aSanabia, Rafael Emilio
_926438
245 1 0 _aMartirio de los exilados políticos de América /
_cRafael Emilio Sanabia.
250 _a2a ed.
260 _aSanto Domingo :
_bArte y Cine,
_c1964.
300 _av. ;
_c24 cm.
490 1 _aCultura Americana
830 0 _aCultura Americana
_957334
999 _c30268
_d30268